000 00392cam a2200169ua 4500
001 14313
008 120102n2001 II |||gr||||Z||||||eng
040 _aMAIN
041 _aEnglish
082 _a KAL
100 _aKALE, VISWAS S.
245 _aINTRODUCTION TO GEMOPHOLOGY
260 _aHYDERABAD
_bORIENT LONGMAN
_c2001
300 _a274:
_c22CM.
700 _aGUPTA, AVIJIT.
942 _cBK
999 _c14199
_d14199